| 000 | 00772nam a2200205 i 4500 | ||
|---|---|---|---|
| 001 | 96113 | ||
| 003 | ES-MaACL | ||
| 005 | 20251120140034.0 | ||
| 007 | t| | ||
| 008 | 050610s1941 sp ||||1| spa d | ||
| 100 | 1 |
_aMadrazo, Francisco de Paula. _975338 |
|
| 245 | 1 | 0 |
_aHistoria militar y política de Zumalacárregui / _cpor D. Francisco de Paula Madrazo; con prólogo y notas de Jesús Evaristo Díaz Casariego. |
| 260 |
_aValladolid : _bSantarén, _c1941. |
||
| 300 |
_aIX, 11-458 p. : _bil. ; _c22 cm. |
||
| 600 | 1 | 4 |
_aZumalacárregui, Tomás de, _d1788-1835 _9118483 |
| 651 | 4 |
_aEspaña- _xHistoria- _y1833-1840, Guerra carlista _98250 |
|
| 700 | 1 |
_aCasariego, J. E., _d1913-1990 _936176 |
|
| 852 |
_aES-MaACL _jB-10449 _bR.22092 |
||
| 999 |
_c96113 _d96113 |
||